| 000 | 00343nam a2200133Ia 4500 | ||
|---|---|---|---|
| 005 | 20260328101455.0 | ||
| 008 | 260328s9999||||xx |||||||||||||| ||und|| | ||
| 100 | _aRouse Ball, W.W. | ||
| 245 | 2 |
_aA Short Account of the History of Mathematics / _cW.W. Rouse Ball |
|
| 260 | _bDover | ||
| 300 | _a522 p. | ||
| 650 | _aMATEMÁTICAS | ||
| 942 | _cBK | ||
| 999 |
_c8806 _d8806 |
||